[Event "Avoine op 37th"]
[Site "Avoine"]
[Date "2023.07.23"]
[Round "2"]
[White "Aumont, Alexandre"]
[Black "Jolly, Jean Francois"]
[Result "0-1"]
[WhiteElo "2191"]
[BlackElo "2397"]
[PlyCount "150"]
[EventDate "2023.07.22"]
[EventType "swiss"]
[EventRounds "9"]
[EventCountry "FRA"]
[SourceTitle "CBM 215 Extra"]
[Source "ChessBase"]
[SourceDate "2023.09.30"]
[SourceVersion "1"]
[SourceVersionDate "2023.09.30"]
[SourceQuality "1"]

1. e4 c6 2. Nc3 d5 3. Nf3 dxe4 4. Nxe4 Nf6 5. Qe2 Nxe4 6. Qxe4 Be6 7. d4 Bd5 8. Qd3 Bxf3 9. Qxf3 Qxd4 10. Bd2 Qd5 11. Qc3 Nd7 12. 0-0-0 Qxa2 13. Be3 e6 14. Bc4 Qa1+ 15. Kd2 Qa4 16. Ke2 Bb4 17. Qxg7 Qxc2+ 18. Kf3 Qf5+ 19. Bf4 Qf6 20. Qxf6 Nxf6 21. Be5 Be7 22. Rd4 Rg8 23. Re1 Nd5 24. Bd3 h6 25. h4 0-0-0 26. Bh7 Rge8 27. Ra4 Bb4 28. Re2 a5 29. Kg4 b6 30. Kh5 f6 31. Bh2 Re7 32. Be4 Kd7 33. Ra1 Bd6 34. Bxd6 Kxd6 35. g3 f5 36. Bxd5 exd5 37. Rxe7 Kxe7 38. Kxh6 Kf6 39. Kh7 Rd7+ 40. Kh6 Rd8 41. Kh7 d4 42. f3 d3 43. g4 fxg4 44. fxg4 Rd4 45. g5+ Kf5 46. Rf1+ Rf4 47. Rh1 d2 48. g6 Rxh4+ 49. Rxh4 d1Q 50. g7 Qd7 51. Rh6 Kg5 52. Rg6+ Kf4 53. Rh6 Qf7 54. Kh8 Kg5 55. Rh1 Qf6 56. Rg1+ Kh6 57. Rh1+ Kg6 58. Rg1+ Kf7 59. Rf1 Qxf1 60. g8Q+ Ke7 61. Qg7+ Kd6 62. Qd4+ Kc7 63. Qe5+ Kb7 64. b3 Qh3+ 65. Kg7 Qxb3 66. Kh8 Qd5 67. Qe7+ Ka6 68. Qe2+ b5 69. Qe8 Qd6 70. Qa8+ Kb6 71. Qe8 a4 72. Qe3+ c5 73. Qe8 a3 74. Qf7 b4 75. Qg6 Qc6 0-1

[Event "FRA-ch op-A"]
[Site "Chartres"]
[Date "2019.??.??"]
[Round "8"]
[White "Aumont, Alexandre"]
[Black "Amoyal, Pierre"]
[Result "1-0"]
[WhiteElo "2203"]
[BlackElo "2117"]
[PlyCount "51"]
[EventDate "2019.08.17"]
[EventType "swiss"]
[EventRounds "9"]
[EventCountry "FRA"]
[SourceTitle "EXT 2020"]
[Source "ChessBase"]
[SourceDate "2019.10.17"]
[SourceVersion "1"]
[SourceVersionDate "2019.10.17"]
[SourceQuality "1"]

1. e4 c5 2. Nc3 g6 3. g3 Bg7 4. Bg2 Nc6 5. d3 d6 6. Be3 Rb8 7. Qd2 b5 8. Nge2 b4 9. Nd1 Nd4 10. 0-0 Qa5 11. a3 Qa6 12. Bxd4 cxd4 13. b3 bxa3 14. Qc1 Qb6 15. Qxa3 a6 16. Nb2 Nh6 17. Nc4 Qb5 18. Qc1 0-0 19. Ra5 Qb4 20. Nxd4 Bxd4 21. Qxh6 Rb5 22. Ra4 Qc5 23. Qd2 f5 24. exf5 Rxf5 25. Ne3 Re5 26. Rc4 1-0

[Event "FRA-ch Accession"]
[Site "Agen"]
[Date "2017.08.25"]
[Round "7"]
[White "Aumont, Alexandre"]
[Black "Favarel, Antoine"]
[Result "1-0"]
[WhiteElo "2205"]
[BlackElo "2388"]
[PlyCount "65"]
[EventDate "2017.08.19"]
[EventType "swiss"]
[EventRounds "9"]
[EventCountry "FRA"]
[SourceTitle "EXT 2019"]
[Source "ChessBase"]
[SourceDate "2018.10.10"]
[SourceVersion "1"]
[SourceVersionDate "2018.10.10"]
[SourceQuality "1"]

1. e4 c5 2. Nc3 Nc6 3. g3 g6 4. Bg2 Bg7 5. d3 d6 6. Be3 e5 7. Nh3 Nge7 8. Qd2 Nd4 9. Qd1 b5 10. 0-0 Rb8 11. f3 0-0 12. Qd2 f6 13. Nd1 b4 14. c3 bxc3 15. bxc3 Ndc6 16. Nhf2 Be6 17. Bh3 Bxh3 18. Nxh3 Qd7 19. Nhf2 Rb7 20. Bh6 Rfb8 21. Bxg7 Kxg7 22. Ng4 Ng8 23. Nge3 h5 24. f4 Nge7 25. Nc4 Rb1 26. Rxb1 Rxb1 27. Qc2 Rb7 28. Qf2 f5 29. Nde3 Rb8 30. fxe5 dxe5 31. exf5 gxf5 32. Qe2 Kg6 33. Ng2 1-0

[Event "FRA-ch Accession"]
[Site "Agen"]
[Date "2017.08.19"]
[Round "1"]
[White "Le Ruyet, Leopold"]
[Black "Aumont, Alexandre"]
[Result "1-0"]
[WhiteElo "2317"]
[BlackElo "2205"]
[PlyCount "79"]
[EventDate "2017.08.19"]
[EventType "swiss"]
[EventRounds "9"]
[EventCountry "FRA"]
[SourceTitle "EXT 2019"]
[Source "ChessBase"]
[SourceDate "2018.10.10"]
[SourceVersion "1"]
[SourceVersionDate "2018.10.10"]
[SourceQuality "1"]

1. e4 e6 2. d4 d5 3. Nd2 dxe4 4. Nxe4 Bd7 5. Nf3 Bc6 6. Bd3 Nd7 7. 0-0 Ngf6 8. Ng3 Be7 9. b3 h5 10. h4 Bxf3 11. Qxf3 c6 12. c4 Ng4 13. Nxh5 Rxh5 14. Qxg4 Rxh4 15. Qxg7 Nf8 16. Be3 c5 17. Rad1 cxd4 18. Bh6 f5 19. Be2 Qd6 20. g3 Rxh6 21. Qxh6 0-0-0 22. Bf3 Nd7 23. Rfe1 e5 24. Qxd6 Bxd6 25. Bd5 Kc7 26. Kg2 a5 27. Rh1 Nc5 28. Rh7+ Kb6 29. Rf7 Rf8 30. Rxf8 Bxf8 31. f4 exf4 32. gxf4 d3 33. Kf3 Bd6 34. Ke3 Na6 35. Rxd3 Nb4 36. Rd2 Bc5+ 37. Kf3 Nc6 38. Bxc6 bxc6 39. Rd7 a4 40. bxa4 1-0

[Event "Nantes op 14th"]
[Site "Nantes"]
[Date "2015.12.27"]
[Round "1"]
[White "Aumont, Alexandre"]
[Black "Coiffard, Abel"]
[Result "1-0"]
[WhiteElo "2071"]
[BlackElo "1479"]
[PlyCount "39"]
[EventDate "2015.12.27"]
[EventType "swiss"]
[EventRounds "7"]
[EventCountry "FRA"]
[SourceTitle "CBM 170 Extra"]
[Source "ChessBase"]
[SourceDate "2016.02.25"]
[SourceVersion "1"]
[SourceVersionDate "2016.02.25"]
[SourceQuality "1"]

1. e4 e5 2. Nf3 Nc6 3. Bc4 Bc5 4. c3 Nf6 5. d3 d6 6. Nbd2 0-0 7. Nf1 Na5 8. Bb5 c6 9. Ba4 b5 10. Bc2 Nb7 11. Ng3 Qe7 12. 0-0 Ng4 13. d4 Bb6 14. h3 Nf6 15. Bg5 h6 16. Bh4 Nd8 17. Qd2 Bc7 18. Nh5 Ne6 19. Bxf6 gxf6 20. Qxh6 1-0

[Event "Angers op 10th"]
[Site "Angers"]
[Date "2015.04.24"]
[Round "1"]
[White "Aumont, Alexandre"]
[Black "Pellegrini, Thibaud"]
[Result "1-0"]
[WhiteElo "2121"]
[BlackElo "1760"]
[PlyCount "67"]
[EventDate "2015.04.24"]
[EventType "swiss"]
[EventRounds "6"]
[EventCountry "FRA"]
[SourceTitle "CBM 166 Extra"]
[Source "ChessBase"]
[SourceDate "2015.06.18"]
[SourceVersion "1"]
[SourceVersionDate "2015.06.18"]
[SourceQuality "1"]

1. f4 d6 2. Nf3 Nf6 3. Nc3 c6 4. a4 Qa5 5. e4 Bg4 6. Be2 e5 7. b4 Qc7 8. d3 Nbd7 9. Rb1 a6 10. 0-0 d5 11. fxe5 Nxe5 12. d4 Nxf3+ 13. Bxf3 Bxf3 14. Qxf3 dxe4 15. Nxe4 Nxe4 16. Qxe4+ Qe7 17. Qf5 g6 18. Qf2 0-0-0 19. b5 axb5 20. axb5 c5 21. dxc5 Qxc5 22. Be3 Qc4 23. Ra1 Bd6 24. Ra8+ Kd7 25. Qxf7+ Qxf7 26. Rxf7+ Ke6 27. Rxd8 Rxd8 28. Rxh7 Be7 29. Rxe7+ Kxe7 30. Bg5+ Kd7 31. Bxd8 Kxd8 32. Kf2 Kc7 33. Ke3 Kb6 34. c4 1-0

[Event "Nantes op 13th"]
[Site "Nantes"]
[Date "2014.12.28"]
[Round "2"]
[White "Peric, Slavisa"]
[Black "Aumont, Alexandre"]
[Result "1/2-1/2"]
[WhiteElo "2182"]
[BlackElo "2057"]
[PlyCount "50"]
[EventDate "2014.12.27"]
[EventType "swiss"]
[EventRounds "7"]
[EventCountry "FRA"]
[SourceTitle "EXT 2016"]
[Source "ChessBase"]
[SourceDate "2015.10.08"]
[SourceVersion "1"]
[SourceVersionDate "2015.10.08"]
[SourceQuality "1"]

1. d4 f5 2. g3 Nf6 3. Bg2 g6 4. c3 Bg7 5. Qb3 Nc6 6. Nf3 e6 7. Nbd2 0-0 8. 0-0 Kh8 9. Qc2 d6 10. e4 d5 11. exd5 exd5 12. Nb3 Ne4 13. Ne1 a5 14. Nd3 b6 15. f3 Nd6 16. Re1 a4 17. Nd2 a3 18. Ne5 axb2 19. Bxb2 Bb7 20. c4 dxc4 21. Ndxc4 f4 22. g4 Nb4 23. Qb3 Nd5 24. Rac1 Nxc4 25. Qxc4 Qd6 1/2-1/2

[Event "Angers op 9th"]
[Site "Angers"]
[Date "2014.05.11"]
[Round "5"]
[White "Aumont, Alexandre"]
[Black "Rabouan, Jean Francois"]
[Result "1/2-1/2"]
[WhiteElo "2045"]
[BlackElo "1890"]
[PlyCount "47"]
[EventDate "2014.05.09"]
[EventType "swiss"]
[EventRounds "6"]
[EventCountry "FRA"]
[SourceTitle "CBM 160 Extra"]
[Source "ChessBase"]
[SourceDate "2014.07.01"]
[SourceVersion "1"]
[SourceVersionDate "2014.07.01"]
[SourceQuality "1"]

1. e4 Nf6 2. Nc3 d6 3. g3 g6 4. Bg2 Bg7 5. Nge2 0-0 6. 0-0 e5 7. d3 c6 8. h3 b5 9. Be3 d5 10. exd5 Nxd5 11. Nxd5 cxd5 12. Nc3 Be6 13. Qf3 e4 14. dxe4 d4 15. e5 Nc6 16. Qxc6 Rc8 17. Qf3 dxe3 18. Qxe3 b4 19. Ne2 Rxc2 20. Nd4 Rxb2 21. Nxe6 fxe6 22. Qxa7 Bxe5 23. Rad1 Qf6 24. Rd3 1/2-1/2

[Event "FRA-ch U20"]
[Site "Saint Paul Trois Chateaux"]
[Date "2013.05.04"]
[Round "8"]
[White "Domenech, Vianney"]
[Black "Aumont, Alexandre"]
[Result "1-0"]
[WhiteElo "2232"]
[BlackElo "1988"]
[PlyCount "171"]
[EventDate "2013.04.28"]
[EventType "swiss"]
[EventRounds "9"]
[EventCountry "FRA"]
[SourceTitle "CBM 154 Extra"]
[Source "ChessBase"]
[SourceDate "2013.06.25"]
[SourceVersion "2"]
[SourceVersionDate "2013.06.25"]
[SourceQuality "1"]

1. d4 f5 2. Nf3 Nf6 3. Bf4 d6 4. e3 g6 5. Nc3 Bg7 6. Bd3 0-0 7. Qd2 c6 8. h4 b5 9. a4 bxa4 10. 0-0 Nh5 11. Bh2 Nd7 12. Bc4+ Kh8 13. Ng5 Nb6 14. Be2 Nf6 15. Nxa4 Bd7 16. b3 h6 17. Nh3 Kh7 18. Bf3 Nxa4 19. Rxa4 Ne4 20. Qd3 c5 21. Ra2 cxd4 22. exd4 d5 23. Nf4 e6 24. h5 g5 25. Ng6 Re8 26. Rfa1 Qb6 27. Be5 Rec8 28. c4 a6 29. g4 dxc4 30. bxc4 Bc6 31. d5 exd5 32. cxd5 Bb5 33. Qb1 Bxe5 34. Nxe5 Qd4 35. gxf5 Nc3 36. Qe1 Re8 37. Rc2 Nxd5 38. Rd2 Qxe5 39. Qxe5 Rxe5 40. Rxd5 Rxd5 41. Bxd5 Ra7 42. f6 Rd7 43. Be4+ Kg8 44. Bg6 Rd6 45. f7+ Kg7 46. Re1 Rf6 47. Re8 Rxf7 48. Bxf7 Kxf7 49. Ra8 Kf6 50. Kh2 Be2 51. Kg3 Bxh5 52. Rxa6+ Kg7 53. Rd6 Bg6 54. Kg4 Kf7 55. Rb6 Kg7 56. Ra6 Kf7 57. Rb6 Kg7 58. f4 gxf4 59. Kxf4 Bd3 60. Rd6 Bc2 61. Kg4 Bg6 62. Rb6 Kf7 63. Kf4 Kg7 64. Ke5 Bc2 65. Rb2 Bd3 66. Rd2 Bb1 67. Ke6 h5 68. Rg2+ Kh6 69. Ke5 Bd3 70. Kf4 h4 71. Kg4 h3 72. Rf2 Kg6 73. Kxh3 Bf5+ 74. Kg3 Kf6 75. Kf4 Bg6 76. Rb2 Bf7 77. Rb6+ Be6 78. Ra6 Kf7 79. Ke5 Bc4 80. Rf6+ Ke7 81. Rc6 Bd3 82. Rc7+ Kd8 83. Kd6 Be2 84. Rc2 Bd3 85. Rd2 Be4 86. Ke5+ 1-0

[Event "FRA-ch U20"]
[Site "Saint Paul Trois Chateaux"]
[Date "2013.05.01"]
[Round "5"]
[White "Aumont, Alexandre"]
[Black "Duboue, Peio"]
[Result "1/2-1/2"]
[WhiteElo "1988"]
[BlackElo "2257"]
[PlyCount "67"]
[EventDate "2013.04.28"]
[EventType "swiss"]
[EventRounds "9"]
[EventCountry "FRA"]
[SourceTitle "CBM 154 Extra"]
[Source "ChessBase"]
[SourceDate "2013.06.25"]
[SourceVersion "2"]
[SourceVersionDate "2013.06.25"]
[SourceQuality "1"]

1. b3 e5 2. Bb2 Nc6 3. e3 Nf6 4. Bb5 d6 5. Nf3 Be7 6. d4 exd4 7. Nxd4 Bd7 8. 0-0 0-0 9. Nxc6 bxc6 10. Be2 d5 11. Nd2 Re8 12. c4 a5 13. Qc2 Bd6 14. Rad1 Ng4 15. Nf3 dxc4 16. Qxc4 Qe7 17. Qd4 f6 18. Ba3 Bxa3 19. Qxd7 Qxd7 20. Rxd7 Bd6 21. Bc4+ Kh8 22. h3 Ne5 23. Nxe5 Rxe5 24. a4 h5 25. Rd1 Kh7 26. Kf1 Kh6 27. Rd4 c5 28. Rd5 Rxd5 29. Bxd5 Re8 30. Ke2 Re5 31. Bc4 Re8 32. Bd5 Re5 33. Bc4 Re8 34. Bd5 1/2-1/2

[Event "FRA-ch U20"]
[Site "Saint Paul Trois Chateaux"]
[Date "2013.04.28"]
[Round "1"]
[White "Aumont, Alexandre"]
[Black "Song, Julien"]
[Result "1/2-1/2"]
[WhiteElo "1988"]
[BlackElo "2417"]
[PlyCount "69"]
[EventDate "2013.04.28"]
[EventType "swiss"]
[EventRounds "9"]
[EventCountry "FRA"]
[SourceTitle "CBM 154 Extra"]
[Source "ChessBase"]
[SourceDate "2013.06.25"]
[SourceVersion "2"]
[SourceVersionDate "2013.06.25"]
[SourceQuality "1"]

1. Nc3 d5 2. e4 e6 3. d3 Nf6 4. Be2 Be7 5. Nf3 d4 6. Nb1 c5 7. 0-0 Nc6 8. b3 0-0 9. a4 Ne8 10. Nfd2 f5 11. exf5 exf5 12. f4 Nf6 13. Nc4 Be6 14. Nba3 a6 15. Bf3 Bd5 16. Bd2 Rb8 17. a5 Bxf3 18. Qxf3 Qd5 19. Nb6 Qxf3 20. Rxf3 Bd6 21. Nac4 Bc7 22. Na4 Nd7 23. Rff1 Rfe8 24. Rfe1 Kf7 25. Kf2 g6 26. Kf3 Re6 27. Rxe6 Kxe6 28. Re1+ Kd5 29. h3 Rg8 30. g3 h6 31. h4 Nf6 32. Nab6+ Bxb6 33. Nxb6+ Kd6 34. Nc4+ Kd7 35. Nb6+ 1/2-1/2

[Event "Angers op 7th"]
[Site "Angers"]
[Date "2012.04.21"]
[Round "3"]
[White "Aumont, Alexandre"]
[Black "Caillot, Arnaud"]
[Result "1-0"]
[WhiteElo "1972"]
[BlackElo "1746"]
[PlyCount "50"]
[EventDate "2012.04.20"]
[EventType "swiss"]
[EventRounds "6"]
[EventCountry "FRA"]
[SourceTitle "CBM 148 Extra"]
[Source "ChessBase"]
[SourceDate "2012.06.22"]
[SourceVersion "1"]
[SourceVersionDate "2012.06.22"]
[SourceQuality "1"]

1. e4 e5 2. Nc3 Nc6 3. Bc4 Bc5 4. d3 d6 5. Be3 Nge7 6. Qd2 0-0 7. Nge2 Bd7 8. f4 Bxe3 9. Qxe3 exf4 10. Qxf4 Na5 11. Bd5 c6 12. Bb3 Nxb3 13. axb3 Bc8 14. 0-0-0 d5 15. exd5 Nxd5 16. Nxd5 Qxd5 17. Nc3 Qxg2 18. Rdg1 Qh3 19. Rxg7+ Kxg7 20. Rg1+ Bg4 21. Rxg4+ Qxg4 22. Qxg4+ Kh8 23. Qd4+ f6 24. Qd7 Rab8 25. Ne4 f5 1-0

[Event "FRA-ch op-B"]
[Site "Caen"]
[Date "2011.08.17"]
[Round "2"]
[White "Aumont, Alexandre"]
[Black "Veys, Vincent"]
[Result "0-1"]
[WhiteElo "1960"]
[BlackElo "1859"]
[PlyCount "57"]
[EventDate "2011.08.16"]
[EventType "swiss"]
[EventRounds "11"]
[EventCountry "FRA"]
[SourceTitle "EXT 2012"]
[Source "ChessBase"]
[SourceDate "2011.11.24"]
[SourceVersion "1"]
[SourceVersionDate "2011.11.24"]
[SourceQuality "1"]

1. d4 Nf6 2. Nf3 e6 3. c4 Bb4+ 4. Bd2 Qe7 5. Qb3 Bxd2+ 6. Nbxd2 0-0 7. e3 d6 8. Be2 b6 9. 0-0 Bb7 10. Rac1 Nbd7 11. Qc3 Rfe8 12. Rfd1 e5 13. d5 Rf8 14. e4 Nc5 15. Bd3 Nxd3 16. Qxd3 Nh5 17. Qe3 Bc8 18. Nf1 f5 19. exf5 Bxf5 20. Rd2 Nf4 21. Ng3 Bg4 22. Ne1 Rf7 23. Nd3 Qg5 24. Ne4 Qg6 25. Rf1 Nxg2 26. Qg3 Qxe4 27. Qxg2 Bf3 28. Qg3 Rf6 29. Re1 0-1

[Event "Avoine op 26th"]
[Site "Avoine"]
[Date "2011.07.29"]
[Round "7"]
[White "Aumont, Alexandre"]
[Black "Maloberti, David"]
[Result "1/2-1/2"]
[WhiteElo "1960"]
[BlackElo "2118"]
[PlyCount "87"]
[EventDate "2011.07.23"]
[EventType "swiss"]
[EventRounds "9"]
[EventCountry "FRA"]
[SourceTitle "EXT 2012"]
[Source "ChessBase"]
[SourceDate "2011.11.24"]
[SourceVersion "1"]
[SourceVersionDate "2011.11.24"]
[SourceQuality "1"]

1. f4 d5 2. Nf3 Bf5 3. g3 e6 4. Bg2 Nf6 5. 0-0 Nc6 6. c3 Bd6 7. d4 0-0 8. Be3 Be4 9. Nbd2 Ng4 10. Bf2 Nxf2 11. Rxf2 Bxf3 12. Bxf3 Ne7 13. e4 c6 14. Qc2 Qd7 15. Kh1 Rac8 16. Rd1 f5 17. exf5 exf5 18. Re2 Rfe8 19. Bg2 Kf7 20. Qd3 Ng8 21. Rde1 Rxe2 22. Rxe2 Re8 23. Nf3 g6 24. Ne5+ Bxe5 25. dxe5 Ke6 26. Qd4 b6 27. c4 Ne7 28. cxd5+ cxd5 29. Kg1 Rc8 30. b3 Rc1+ 31. Kf2 Qc6 32. Rd2 a5 33. Ke2 Qc5 34. Bf3 h5 35. h4 Qb5+ 36. Qd3 Qc5 37. Qd4 Rc2 38. Qxc5 Rxd2+ 39. Kxd2 bxc5 40. Kc3 Nc6 41. a3 Nd4 42. Bd1 Nb5+ 43. Kb2 Nd4 44. Kc3 1/2-1/2

[Event "Avoine op 25th"]
[Site "Avoine"]
[Date "2010.07.24"]
[Round "8"]
[White "Aumont, Alexandre"]
[Black "Godart, Francois"]
[Result "0-1"]
[WhiteElo "1898"]
[BlackElo "2240"]
[PlyCount "106"]
[EventDate "2010.07.17"]
[EventType "swiss"]
[EventRounds "9"]
[EventCountry "FRA"]
[SourceTitle "EXT 2011"]
[Source "ChessBase"]
[SourceDate "2010.11.26"]
[SourceVersion "1"]
[SourceVersionDate "2010.11.26"]
[SourceQuality "1"]

1. d4 Nf6 2. Nf3 e6 3. e3 b6 4. Nbd2 Bb7 5. Bd3 c5 6. 0-0 cxd4 7. exd4 d6 8. c3 Be7 9. Re1 0-0 10. Ne4 Nbd7 11. Bf4 Qc7 12. Qe2 Rfd8 13. Nfg5 Nxe4 14. Bxe4 Nf6 15. Bxb7 Qxb7 16. Ne4 b5 17. a3 a5 18. Qf3 Nxe4 19. Qxe4 Qxe4 20. Rxe4 d5 21. Ree1 b4 22. axb4 axb4 23. Kf1 Rdc8 24. Ke2 g5 25. Bd2 bxc3 26. bxc3 Kg7 27. Rxa8 Rxa8 28. Kd3 Kf6 29. h3 h5 30. Re2 Bd6 31. Re1 Kf5 32. f3 h4 33. Re2 Bf4 34. Be3 Ra3 35. Rc2 f6 36. Ke2 e5 37. dxe5 fxe5 38. Bxf4 Kxf4 39. Rc1 Ra5 40. Kf2 Rc5 41. Rd1 e4 42. fxe4 dxe4 43. Rc1 Rc4 44. Rc2 e3+ 45. Ke2 Ke4 46. Rc1 Ra4 47. Rc2 Ra1 48. c4 Rg1 49. c5 Rxg2+ 50. Kd1 Rxc2 51. Kxc2 e2 52. Kd2 Kf3 53. Ke1 g4 0-1

[Event "Avoine op 25th"]
[Site "Avoine"]
[Date "2010.07.23"]
[Round "7"]
[White "Maloberti, David"]
[Black "Aumont, Alexandre"]
[Result "0-1"]
[WhiteElo "2136"]
[BlackElo "1898"]
[PlyCount "94"]
[EventDate "2010.07.17"]
[EventType "swiss"]
[EventRounds "9"]
[EventCountry "FRA"]
[SourceTitle "EXT 2011"]
[Source "ChessBase"]
[SourceDate "2010.11.26"]
[SourceVersion "1"]
[SourceVersionDate "2010.11.26"]
[SourceQuality "1"]

1. d4 f5 2. c4 Nf6 3. Nf3 g6 4. Nc3 Bg7 5. Bf4 d6 6. h4 Nh5 7. Bd2 Nc6 8. e3 e5 9. d5 Ne7 10. Be2 h6 11. Qb3 c5 12. dxc6 bxc6 13. Na4 e4 14. Nd4 Nf6 15. Bc3 0-0 16. Rd1 Qc7 17. Qa3 Bd7 18. Nb3 Nc8 19. Ba5 Qb8 20. Nc3 Rf7 21. c5 d5 22. g3 Ne7 23. Nd4 g5 24. hxg5 hxg5 25. Bh5 Rf8 26. Nce2 Nh7 27. Bc3 Rf6 28. b4 Rh6 29. g4 fxg4 30. Ng3 Be5 31. Nde2 Nf6 32. Qb2 Bxc3+ 33. Qxc3 Qf8 34. Qe5 Qg7 35. Qc7 Qh8 36. Nd4 Nf5 37. Bf7+ Kxf7 38. Rxh6 Nxh6 39. Nxc6 Kg8 40. Ne5 Ba4 41. Qd6 Bxd1 42. Kxd1 Qg7 43. Qe6+ Kh8 44. c6 Re8 45. Qd6 Nf7 46. Nxf7+ Qxf7 47. c7 Rc8 0-1

[Event "Avoine op 25th"]
[Site "Avoine"]
[Date "2010.07.21"]
[Round "5"]
[White "Dube, Dimitri"]
[Black "Aumont, Alexandre"]
[Result "0-1"]
[WhiteElo "2093"]
[BlackElo "1898"]
[PlyCount "130"]
[EventDate "2010.07.17"]
[EventType "swiss"]
[EventRounds "9"]
[EventCountry "FRA"]
[SourceTitle "EXT 2011"]
[Source "ChessBase"]
[SourceDate "2010.11.26"]
[SourceVersion "1"]
[SourceVersionDate "2010.11.26"]
[SourceQuality "1"]

1. c3 d5 2. Nf3 Nf6 3. d3 b6 4. Bg5 Nbd7 5. e3 Bb7 6. Nbd2 e6 7. d4 Bd6 8. Qc2 h6 9. Bh4 0-0 10. Bd3 Re8 11. 0-0 c5 12. Rfe1 Qc7 13. Bg3 Bxg3 14. hxg3 Rac8 15. Qa4 a6 16. Rac1 b5 17. Qa3 Qb6 18. b4 c4 19. Bb1 Ne4 20. Qb2 Qd6 21. Bc2 f5 22. a4 g5 23. a5 Kg7 24. Re2 Rh8 25. Kf1 Rcf8 26. Ke1 g4 27. Nxe4 dxe4 28. Nh4 h5 29. Rd1 Rc8 30. Rdd2 Bd5 31. Kd1 Nf6 32. Kc1 Nh7 33. Kb1 Ng5 34. Qc1 Kf6 35. Re1 Rcd8 36. Bd1 Rh7 37. Be2 Rg8 38. Rdd1 Nf7 39. Rg1 Nd8 40. Rdf1 Nc6 41. Qe1 Rhg7 42. Bd1 Ke7 43. Bc2 Nb8 44. f3 gxf3 45. gxf3 Rxg3 46. f4 Rxg1 47. Rxg1 Qd8 48. Bd1 Bc6 49. Bxh5 Kd6 50. Ng6 Be8 51. Rg5 Nd7 52. Qg3 Nf6 53. Be2 Nh7 54. Ne5 Nxg5 55. fxg5 Ke7 56. Qh4 Kd6 57. Qg3 Ke7 58. Bh5 Kf8 59. g6 Qf6 60. Qf4 Rh8 61. Ng4 Qe7 62. g7+ Qxg7 63. Bxe8 Rh1+ 64. Kc2 Qxg4 65. Qxg4 fxg4 0-1

[Event "Rohde op 09th"]
[Site "Sautron"]
[Date "2009.10.28"]
[Round "6"]
[White "Cabrera Pino, Alexis"]
[Black "Aumont, Alexandre"]
[Result "1-0"]
[WhiteElo "2529"]
[BlackElo "1771"]
[PlyCount "47"]
[EventDate "2009.10.24"]
[EventType "swiss"]
[EventRounds "9"]
[EventCountry "FRA"]
[SourceTitle "EXT 2010"]
[Source "ChessBase"]
[SourceDate "2010.11.25"]
[SourceVersion "1"]
[SourceVersionDate "2010.11.25"]
[SourceQuality "1"]

1. e4 e5 2. Nf3 Nc6 3. Bb5 Nf6 4. 0-0 Nxe4 5. d4 Nd6 6. Bxc6 dxc6 7. dxe5 Nf5 8. Qxd8+ Kxd8 9. Nc3 h6 10. h3 Ne7 11. b3 Ng6 12. Bb2 Be6 13. Nd4 c5 14. Nxe6+ fxe6 15. Rad1+ Kc8 16. f4 Be7 17. f5 exf5 18. Rxf5 Rf8 19. g4 b6 20. Nd5 Kb7 21. e6 Rg8 22. Nxe7 Nxe7 23. Rf7 Rae8 24. Rd7 1-0

[Event "FRA-ch op-C"]
[Site "Nimes"]
[Date "2009.08.20"]
[Round "9"]
[White "Aumont, Alexandre"]
[Black "Cepisul, Desire"]
[Result "1-0"]
[WhiteElo "1722"]
[BlackElo "1755"]
[PlyCount "153"]
[EventDate "2009.08.11"]
[EventType "swiss"]
[EventRounds "11"]
[EventCountry "FRA"]
[SourceTitle "EXT 2011"]
[Source "ChessBase"]
[SourceDate "2010.11.26"]
[SourceVersion "1"]
[SourceVersionDate "2010.11.26"]
[SourceQuality "1"]

1. f4 d5 2. Nf3 e6 3. e3 Nf6 4. b3 c5 5. Bb2 Be7 6. Be2 Nc6 7. Bb5 a6 8. Bxc6+ bxc6 9. 0-0 0-0 10. d3 Qb6 11. c4 Bb7 12. Nc3 Rad8 13. Qe2 Rfe8 14. Rac1 Qc7 15. Na4 Nd7 16. Ne5 f6 17. Nxd7 Qxd7 18. Ba3 dxc4 19. dxc4 Qd2 20. Rc2 Qa5 21. Qe1 Qc7 22. Bxc5 Bxc5 23. Nxc5 Qb6 24. Nxb7 Qxb7 25. Rd2 Qb6 26. Rff2 Qa5 27. Kf1 Qh5 28. h3 e5 29. Qe2 Qg6 30. f5 Qg3 31. Qf3 Qg5 32. Qd1 Ra8 33. Rf3 Qh4 34. Rd6 Qe4 35. Ke2 Rac8 36. Rd7 a5 37. Rg3 g5 38. fxg6 hxg6 39. Qd3 Qxd3+ 40. Rxd3 Kh7 41. e4 a4 42. Rgf3 Re6 43. Rd7+ Kh6 44. b4 Rf8 45. Rfd3 f5 46. exf5 gxf5 47. Ra7 Rg8 48. Kf1 e4 49. Rd2 e3 50. Re2 f4 51. Rxa4 Rd6 52. Ra6 f3 53. gxf3 Rg3 54. Rxe3 Rxh3 55. Kg2 Rh5 56. Re4 Rg5+ 57. Kf2 Rd2+ 58. Ke3 Rd6 59. b5 Rgg6 60. bxc6 Rxc6 61. Rxc6 Rxc6 62. Kd4 Rd6+ 63. Kc3 Ra6 64. Re2 Kg5 65. Kb4 Kf4 66. Kb5 Ra3 67. c5 Kxf3 68. Re8 Rxa2 69. c6 Rb2+ 70. Ka6 Rc2 71. Kb7 Rb2+ 72. Kc8 Kf4 73. c7 Kf5 74. Re1 Rc2 75. Rb1 Ke6 76. Kb8 Kd7 77. Rd1+ 1-0